000 00305nam a22001337a 4500
041 _aENG
100 _aShah.V.L
245 _aLimit State Theory And Design Of Reinforced Concrete
260 _aPune
_bStructures .PUB
_c2012
300 _a762
650 _aFS
700 _aKarve .S.R
856 _uFS (8)
999 _c867
_d867